[Event "II. CLANSKA LIGA ZAHOD 2024"]
[Site "Komenda"]
[Date "2024.11.23"]
[Round "6.1"]
[White "Ogradi, Gregor"]
[Black "Buha, Drago"]
[Result "1-0"]
[WhiteElo "1972"]
[BlackElo "1957"]
[PlyCount "45"]
[EventDate "2024.11.15"]
[WhiteTeam "SK KOMENDA"]
[BlackTeam "SD RADOVLJICA"]

1. e4 e5 2. Nf3 Nc6 3. Bb5 Nge7 4. c3 a6 5. Ba4 b5 6. Bb3 h6 7. d4 Ng6 8. dxe5
Bb7 9. O-O Bc5 10. Bxf7+ Kxf7 11. Qd5+ Ke8 12. Qxc5 Nce7 13. Re1 Rf8 14. Na3 d6
15. exd6 cxd6 16. Qh5 Kd7 17. Nd4 Bc8 18. Be3 Nf4 19. Bxf4 Rxf4 20. e5 d5 21.
e6+ Kc7 22. Qe5+ Qd6 23. Naxb5+ 1-0

[Event "II. CLANSKA LIGA ZAHOD 2024"]
[Site "Komenda"]
[Date "2024.11.23"]
[Round "6.1"]
[White "Pretnar, Bostjan"]
[Black "Babarovic, Fran"]
[Result "1/2-1/2"]
[WhiteElo "1831"]
[BlackElo "1757"]
[PlyCount "89"]
[EventDate "2024.11.15"]
[WhiteTeam "SD RADOVLJICA"]
[BlackTeam "SK KOMENDA"]

1. d4 d5 2. Bf4 Nf6 3. e3 c5 4. Nc3 Nc6 5. Nb5 Qa5+ 6. c3 e5 7. dxe5 c4 8. a4
a6 9. exf6 axb5 10. Qxd5 gxf6 11. Bd6 Be6 12. Qc5 bxa4 13. Bxf8 Rxf8 14. Qxa5
Rxa5 15. Nf3 Ke7 16. Nd2 Ne5 17. Be2 Nd3+ 18. Bxd3 cxd3 19. Nf3 Rb5 20. O-O
Rxb2 21. Rfd1 Rd8 22. Nd4 d2 23. Rxa4 Rc8 24. Nxe6 fxe6 25. Kf1 Rxc3 26. Rd4
Rcc2 27. Ke2 e5 28. R4xd2 Rxd2+ 29. Rxd2 Rxd2+ 30. Kxd2 f5 31. Kc3 Kd6 32. Kc4
e4 33. f3 exf3 34. gxf3 h5 35. h4 Ke6 36. Kb5 Kd5 37. Kb6 Kc4 38. Kxb7 Kd3 39.
e4 fxe4 40. fxe4 Kxe4 41. Kc6 Kf3 42. Kd5 Kg4 43. Ke4 Kxh4 44. Kf4 Kh3 45. Kf3
1/2-1/2

[Event "II. CLANSKA LIGA ZAHOD 2024"]
[Site "Komenda"]
[Date "2024.11.23"]
[Round "6.1"]
[White "Novakovic, Gosto"]
[Black "Prestrl, Jozef"]
[Result "0-1"]
[WhiteElo "1789"]
[BlackElo "1875"]
[PlyCount "150"]
[EventDate "2024.11.15"]
[WhiteTeam "SK KOMENDA"]
[BlackTeam "SD RADOVLJICA"]

1. e4 c6 2. d4 d5 3. Nc3 a6 4. Nf3 Bg4 5. h3 Bxf3 6. Qxf3 e6 7. a3 Qf6 8. Qd3
Qg6 9. e5 Qxd3 10. Bxd3 Nd7 11. b4 Ne7 12. O-O g6 13. Bg5 Bg7 14. Bxe7 Kxe7 15.
Na4 b5 16. Nc5 Nxc5 17. bxc5 Ra7 18. f4 h5 19. a4 Rha8 20. a5 h4 21. g4 hxg3
22. Kg2 Rh8 23. Kxg3 Rh6 24. Rh1 Ra8 25. h4 Rah8 26. Be2 Bf8 27. Rh3 Kd7 28.
Rah1 Be7 29. Bg4 Bd8 30. Be2 Kc8 31. h5 gxh5 32. Bd3 h4+ 33. Kf3 Rg8 34. f5
exf5 35. Bxf5+ Kb8 36. Ra1 Rg7 37. Ra3 Rh8 38. Kf2 Rhg8 39. Rh2 Rg3 40. Ra2 Rc3
41. Ke2 Rc4 42. Rf2 Rxd4 43. Bd7 Re4+ 44. Kf1 Rxe5 45. Rxf7 Re7 46. Rxe7 Bxe7
47. Ra3 Kc7 48. Be6 Rf8+ 49. Ke2 Bxc5 50. Rh3 Re8 51. Rxh4 Rxe6+ 52. Kd3 Re7
53. c3 Kb7 54. Rg4 Bd6 55. Rg1 Bc7 56. Ra1 Re4 57. Kc2 Ra4 58. Rf1 Bxa5 59. Kb3
Rh4 60. Rf3 Rh2 61. Rf7+ Bc7 62. Kb4 Kb6 63. Rd7 a5+ 64. Kb3 Rh3 65. Re7 a4+
66. Ka2 Rh2+ 67. Kb1 Bd6 68. Re6 Kc5 69. Rf6 Be5 70. Rf3 Kc4 71. Rf1 Bxc3 72.
Rf4+ Kd3 73. Rf1 a3 74. Kc1 a2 75. Rg1 a1=Q# 0-1

[Event "II. CLANSKA LIGA ZAHOD 2024"]
[Site "Komenda"]
[Date "2024.11.23"]
[Round "6.1"]
[White "Kocevar, Tugomir"]
[Black "Novakovic, Julian"]
[Result "0-1"]
[WhiteElo "1818"]
[BlackElo "1892"]
[PlyCount "48"]
[EventDate "2024.11.15"]
[WhiteTeam "SD RADOVLJICA"]
[BlackTeam "SK KOMENDA"]

1. b4 e5 2. Bb2 d6 3. e3 Be6 4. b5 Nd7 5. Nf3 f5 6. d4 e4 7. Nfd2 Ngf6 8. c4 g6
9. d5 Bf7 10. Nb3 Bg7 11. Bd4 O-O 12. Nc3 Ng4 13. Be2 Nde5 14. h3 Qh4 15. O-O
Nf6 16. Nd2 g5 17. f4 exf3 18. Nxf3 Nxf3+ 19. Bxf3 g4 20. Qe1 Qxe1 21. Raxe1
gxf3 22. Rxf3 Bg6 23. Ref1 Ne4 24. Ne2 Nd2 0-1

[Event "II. CLANSKA LIGA ZAHOD 2024"]
[Site "Komenda"]
[Date "2024.11.23"]
[Round "6.1"]
[White "Debeljak, Jaka"]
[Black "Torkar, Boris"]
[Result "1/2-1/2"]
[WhiteElo "1817"]
[BlackElo "1882"]
[PlyCount "66"]
[EventDate "2024.11.15"]
[WhiteTeam "SK KOMENDA"]
[BlackTeam "SD RADOVLJICA"]

1. d4 d5 2. Nc3 Bf5 3. Bf4 c6 4. f3 e6 5. g4 Bg6 6. e3 Bd6 7. Bxd6 Qxd6 8. Bd3
Nd7 9. f4 Ne7 10. Nf3 f6 11. Qd2 O-O-O 12. b4 Bxd3 13. cxd3 e5 14. f5 h5 15.
gxh5 Nxf5 16. b5 c5 17. e4 Nxd4 18. Nxd4 exd4 19. Nxd5 b6 20. a4 Rxh5 21. a5
Ne5 22. Qe2 Rdh8 23. axb6 Rxh2 24. Rxh2 Rxh2 25. bxa7 Rh1+ 26. Qf1 Nf3+ 27. Ke2
Qh2+ 28. Kxf3 Rxf1+ 29. Rxf1 Kb7 30. Ra1 Qh5+ 31. Kg2 Qg5+ 32. Kf3 Qh5+ 33. Kg2
Qg5+ 1/2-1/2

[Event "II. CLANSKA LIGA ZAHOD 2024"]
[Site "Komenda"]
[Date "2024.11.23"]
[Round "6.2"]
[White "Jocev, Milan"]
[Black "Skoberne, Jure"]
[Result "1/2-1/2"]
[WhiteElo "2246"]
[BlackElo "2540"]
[PlyCount "188"]
[EventDate "2024.11.15"]
[WhiteTeam "SK TRZIN"]
[BlackTeam "SD POSOČJE"]

1. d4 d6 2. Nf3 Nf6 3. c4 g6 4. Nc3 Bg7 5. g3 O-O 6. Bg2 c6 7. O-O Qb6 8. c5
dxc5 9. Na4 Qd8 10. Nxc5 Nbd7 11. Nd3 a5 12. a4 Qb6 13. b3 Nd5 14. Ba3 Re8 15.
e3 Nb4 16. Nb2 c5 17. Nc4 Qa6 18. Rc1 b6 19. Bxb4 axb4 20. Nfe5 Nxe5 21. dxe5
Rb8 22. Bc6 Rf8 23. Qf3 Bh3 24. Rfd1 Qc8 25. Rd2 Bg4 26. Qg2 Rd8 27. Rxd8+ Qxd8
28. Bf3 Bd7 29. Bd5 b5 30. axb5 Bxb5 31. Qf3 e6 32. Be4 Qc7 33. Nd6 Bxe5 34.
Nxb5 Rxb5 35. Bd3 Ra5 36. Bc4 Ra2 37. Rd1 Qe7 38. Qc6 Qf6 39. Rf1 Bc3 40. Qc7
Kg7 41. Kg2 Bd2 42. Qxc5 Be1 43. e4 Bc3 44. Qe3 Bd4 45. Qf3 Qxf3+ 46. Kxf3 Kf6
47. h4 h5 48. Kg2 Ke5 49. Kf3 Rc2 50. Bd3 Rd2 51. Be2 Rb2 52. Bc4 Bc5 53. Kg2
Rc2 54. Kf3 Ra2 55. Be2 Rb2 56. Bc4 Rc2 57. Bd3 Rc3 58. Ke2 Rxb3 59. Rb1 Ra3
60. Rb2 Bxf2 61. Kxf2 Rxd3 62. Rxb4 f5 63. exf5 gxf5 64. Ra4 Rd4 65. Ra6 Rd6
66. Ra4 Rd3 67. Rb4 Kd5 68. Rb8 Ke4 69. Rb4+ Rd4 70. Rb2 f4 71. gxf4 Kxf4 72.
Rb6 Kf5 73. Rb5+ e5 74. Kg3 Rg4+ 75. Kh3 Kf4 76. Rb6 e4 77. Rf6+ Ke5 78. Rh6 e3
79. Rxh5+ Kf4 80. Rh8 Rg3+ 81. Kh2 Rg7 82. Re8 Kf3 83. Rf8+ Ke4 84. Re8+ Kd3
85. Rd8+ Ke2 86. Re8 Kd2 87. Kh3 Rd7 88. Kg4 e2 89. h5 e1=Q 90. Rxe1 Kxe1 91.
h6 Kf2 92. Kg5 Kf3 93. Kg6 Kg4 94. h7 Rxh7 1/2-1/2

[Event "II. CLANSKA LIGA ZAHOD 2024"]
[Site "Komenda"]
[Date "2024.11.23"]
[Round "6.2"]
[White "Srebrnic, Marko"]
[Black "Jacob, Tobias"]
[Result "1-0"]
[WhiteElo "2343"]
[BlackElo "2094"]
[PlyCount "91"]
[EventDate "2024.11.15"]
[WhiteTeam "SD POSOČJE"]
[BlackTeam "SK TRZIN"]

1. e4 c5 2. Nf3 d6 3. c3 Nf6 4. Bd3 Bg4 5. O-O Nc6 6. h3 Bh5 7. Bc2 e6 8. d3
Be7 9. Re1 O-O 10. Nbd2 Qc7 11. Nf1 h6 12. g4 Bg6 13. Ng3 Rac8 14. Nh4 Bh7 15.
Ng2 d5 16. f4 dxe4 17. dxe4 Rfd8 18. Qe2 a6 19. Be3 b5 20. Qf2 Nd7 21. Rad1 b4
22. cxb4 cxb4 23. Bd3 Qa5 24. b3 Bc5 25. Bf1 Na7 26. Rd2 Bxe3 27. Nxe3 Nc5 28.
Nc4 Qc7 29. e5 Nb5 30. Red1 Rxd2 31. Rxd2 Ne4 32. Nxe4 Bxe4 33. Nd6 Nxd6 34.
exd6 Qc6 35. Qd4 Qc3 36. Kh2 Qf3 37. d7 Rd8 38. Bg2 Qxf4+ 39. Kg1 e5 40. Qb6
Kh7 41. Qxd8 Qe3+ 42. Rf2 Bxg2 43. Kxg2 Qe4+ 44. Kh2 Qd4 45. Qh4 Qxd7 46. g5
1-0

[Event "II. CLANSKA LIGA ZAHOD 2024"]
[Site "Komenda"]
[Date "2024.11.23"]
[Round "6.2"]
[White "Krupenko, Peter"]
[Black "Podlesnik, Bogdan"]
[Result "0-1"]
[WhiteElo "1923"]
[BlackElo "2287"]
[PlyCount "118"]
[EventDate "2024.11.15"]
[WhiteTeam "SK TRZIN"]
[BlackTeam "SD POSOČJE"]

1. d4 Nf6 2. Nf3 e6 3. c4 b6 4. g3 Ba6 5. Qc2 c5 6. Na3 Nc6 7. e3 cxd4 8. Nxd4
Nxd4 9. exd4 Bxa3 10. bxa3 O-O 11. Bb2 d5 12. Qa4 Bxc4 13. Bxc4 dxc4 14. Qxc4
Rc8 15. Qb3 Qd7 16. O-O b5 17. d5 Nxd5 18. Rfd1 Rc4 19. Rd2 Rfc8 20. Rad1 Qc6
21. h4 h6 22. Bd4 a6 23. Qf3 Nc3 24. Qxc6 R4xc6 25. Re1 Nd5 26. Ree2 f6 27. Bb2
Nb6 28. Rd3 Kf7 29. Kg2 Rc2 30. Red2 Rxd2 31. Rxd2 Nc4 32. Re2 e5 33. h5 Nxb2
34. Rxb2 Rc4 35. Rd2 Ke7 36. Kf1 Rc3 37. a4 bxa4 38. Rb2 Ra3 39. Rb7+ Ke6 40.
Rxg7 Rxa2 41. g4 Rb2 42. g5 hxg5 43. h6 Rb4 44. h7 Rh4 45. Ra7 Kf5 46. Rxa6
Rxh7 47. Rxa4 Rb7 48. Kg2 g4 49. Rc4 Rd7 50. Rc6 Kg5 51. Rc5 Kf4 52. Rc4+ Rd4
53. Rc6 f5 54. Rc5 Rd3 55. Ra5 g3 56. fxg3+ Rxg3+ 57. Kf2 Rb3 58. Ra4+ e4 59.
Ra2 Rh3 0-1

[Event "II. CLANSKA LIGA ZAHOD 2024"]
[Site "Komenda"]
[Date "2024.11.23"]
[Round "6.2"]
[White "Biti, Ozren"]
[Black "Krumpak, Hinko"]
[Result "1-0"]
[WhiteElo "2284"]
[BlackElo "2002"]
[PlyCount "57"]
[EventDate "2024.11.15"]
[WhiteTeam "SD POSOČJE"]
[BlackTeam "SK TRZIN"]

1. e4 g6 2. d4 Bg7 3. Nf3 d6 4. Nc3 a6 5. Be3 b5 6. Bd3 Nd7 7. Qd2 Bb7 8. O-O
Rc8 9. a4 b4 10. Ne2 a5 11. c3 c5 12. cxb4 cxb4 13. Rac1 Rxc1 14. Rxc1 Ngf6 15.
e5 Ng4 16. e6 fxe6 17. Ng5 O-O 18. Nxe6 Qa8 19. Nxf8 Nxf8 20. f3 Nxe3 21. Qxe3
e5 22. dxe5 Bxe5 23. b3 Bd5 24. Be4 Ne6 25. Bxd5 Qxd5 26. f4 Bb2 27. Rf1 Nd4
28. Qe8+ Kg7 29. Qe7+ 1-0

[Event "II. CLANSKA LIGA ZAHOD 2024"]
[Site "Komenda"]
[Date "2024.11.23"]
[Round "6.2"]
[White "Borisek, Anze"]
[Black "Beletic, Danijel"]
[Result "0-1"]
[WhiteElo "1933"]
[BlackElo "2276"]
[PlyCount "74"]
[EventDate "2024.11.15"]
[WhiteTeam "SK TRZIN"]
[BlackTeam "SD POSOČJE"]

1. f4 g6 2. Nf3 Bg7 3. g3 d6 4. Bg2 c5 5. O-O Nf6 6. d3 O-O 7. c3 Nc6 8. Na3
Rb8 9. Nh4 Bd7 10. f5 b5 11. fxg6 hxg6 12. e4 b4 13. cxb4 Rxb4 14. Nc4 Ng4 15.
Bd2 Rb8 16. Bc3 Nce5 17. Nxe5 Nxe5 18. Nf3 Bg4 19. Qd2 Bxf3 20. Bxf3 Qb6 21.
Kh1 Bf6 22. Qh6 Bg7 23. Qd2 c4 24. d4 Nd3 25. Be2 Bxd4 26. Bxd3 cxd3 27. Qxd3
Bxc3 28. bxc3 Qc5 29. Rf4 Rb2 30. Raf1 Kg7 31. Qf3 f6 32. Rh4 Qg5 33. Qf4 Rc8
34. Qf3 Qd2 35. e5 dxe5 36. c4 Rh8 37. Rxh8 Kxh8 0-1

[Event "II. CLANSKA LIGA ZAHOD 2024"]
[Site "Komenda"]
[Date "2024.11.23"]
[Round "6.2"]
[White "Hozjan, Erik"]
[Black "Suhadolnik, Jernej"]
[Result "0-1"]
[WhiteElo "1926"]
[BlackElo "1913"]
[PlyCount "86"]
[EventDate "2024.11.15"]
[WhiteTeam "SD POSOČJE"]
[BlackTeam "SK TRZIN"]

1. e4 a6 2. d4 b5 3. Nf3 Bb7 4. Bd3 Nf6 5. Qe2 e6 6. Bg5 h6 7. Bh4 c5 8. c3 Qb6
9. Nbd2 Nc6 10. d5 Ne7 11. d6 Ng6 12. Bg3 Nh5 13. e5 Ngf4 14. Qf1 g5 15. Be4
Bg7 16. Bxf4 Nxf4 17. g3 Ng6 18. Bxg6 fxg6 19. Qd3 O-O 20. Qxg6 Bxf3 21. Nxf3
Rxf3 22. h4 c4 23. O-O-O Rxf2 24. Qe4 Qc6 25. Qxc6 dxc6 26. hxg5 hxg5 27. d7
Rd8 28. Rd6 Kf7 29. Rhd1 Bxe5 30. Rxc6 Bxg3 31. Rxa6 Bf4+ 32. Kb1 Ke7 33. Re1
Rxd7 34. Rexe6+ Kf8 35. a4 Rd1+ 36. Ka2 Rdd2 37. axb5 Rxb2+ 38. Ka1 Rxb5 39.
Rf6+ Ke7 40. Rae6+ Kd7 41. Re4 Ra5+ 42. Kb1 Rf1+ 43. Kc2 Bc1 0-1

[Event "II. CLANSKA LIGA ZAHOD 2024"]
[Site "Komenda"]
[Date "2024.11.23"]
[Round "6.3"]
[White "Skrbec, Leon"]
[Black "Vodnik, Val"]
[Result "1-0"]
[WhiteElo "2237"]
[BlackElo "1793"]
[PlyCount "53"]
[EventDate "2024.11.15"]
[WhiteTeam "SK POSTOJNA"]
[BlackTeam "SD VRHNIKA"]

1. d4 d5 2. Nf3 Nf6 3. c4 c6 4. Nc3 g6 5. e3 Bg7 6. Bd3 O-O 7. O-O Nbd7 8. Bd2
dxc4 9. Bxc4 Nb6 10. Bb3 Nfd5 11. h3 Bf5 12. Qe2 Nxc3 13. bxc3 Be4 14. Ng5 Bd5
15. c4 e5 16. e4 Bxc4 17. Bxc4 Nxc4 18. Qxc4 exd4 19. f4 Qd7 20. Rac1 Rfc8 21.
f5 b5 22. Qb3 c5 23. fxg6 hxg6 24. Rxf7 c4 25. Rxd7 cxb3 26. Rxc8+ Rxc8 27.
axb3 1-0

[Event "II. CLANSKA LIGA ZAHOD 2024"]
[Site "Komenda"]
[Date "2024.11.23"]
[Round "6.3"]
[White "Vogrin, Aljaz"]
[Black "Cepon, Dusan"]
[Result "0-1"]
[WhiteElo "1783"]
[BlackElo "2066"]
[PlyCount "32"]
[EventDate "2024.11.15"]
[WhiteTeam "SD VRHNIKA"]
[BlackTeam "SK POSTOJNA"]

1. d4 Nf6 2. c4 e6 3. Nc3 d5 4. cxd5 exd5 5. Bg5 Be7 6. e3 O-O 7. Bd3 c6 8.
Nge2 Nbd7 9. O-O h6 10. Bh4 Nh5 11. Bxe7 Qxe7 12. Ng3 Nxg3 13. hxg3 Nf6 14. Qf3
Bg4 15. Qf4 g5 16. Qe5 Qd8 0-1

[Event "II. CLANSKA LIGA ZAHOD 2024"]
[Site "Komenda"]
[Date "2024.11.23"]
[Round "6.3"]
[White "Hrescak, Ivana"]
[Black "Redek, Leon"]
[Result "1-0"]
[WhiteElo "2078"]
[BlackElo "1731"]
[PlyCount "49"]
[EventDate "2024.11.15"]
[WhiteTeam "SK POSTOJNA"]
[BlackTeam "SD VRHNIKA"]

1. d4 Nf6 2. c4 e6 3. Nc3 Bb4 4. e3 O-O 5. Bd3 d5 6. Nge2 c5 7. O-O Nc6 8. a3
Bxc3 9. bxc3 Bd7 10. Rb1 b6 11. Ng3 cxd4 12. cxd4 dxc4 13. Bxc4 Ne7 14. e4 h6
15. Re1 Bc6 16. h4 Qd7 17. h5 Rad8 18. Bb2 Bb5 19. Bb3 Qc7 20. Qf3 Nh7 21. Rbc1
Qd6 22. Qe3 Rde8 23. a4 Bc6 24. Qc3 f6 25. Ba3 1-0

[Event "II. CLANSKA LIGA ZAHOD 2024"]
[Site "Komenda"]
[Date "2024.11.23"]
[Round "6.3"]
[White "Markovic, Jelena"]
[Black "Pridigar, Lovro"]
[Result "0-1"]
[WhiteElo "1779"]
[BlackElo "2058"]
[PlyCount "104"]
[EventDate "2024.11.15"]
[WhiteTeam "SD VRHNIKA"]
[BlackTeam "SK POSTOJNA"]

1. d4 d5 2. Nf3 Nf6 3. Nbd2 Bf5 4. Nh4 Bg6 5. Nxg6 hxg6 6. Nf3 e6 7. e3 Bd6 8.
c4 c6 9. c5 Bc7 10. Ne5 Ne4 11. Nf3 Nd7 12. Bd2 g5 13. g3 g4 14. Nh4 g5 15. Ng2
Qf6 16. Qe2 Ke7 17. b4 a5 18. a3 axb4 19. Bxb4 Ba5 20. Bxa5 Rxa5 21. Qb2 Rha8
22. Bd3 Ndxc5 23. Bxe4 Rb5 24. Qc2 Nxe4 25. O-O Rh8 26. Ne1 Qh6 27. f3 Nxg3 28.
Rf2 gxf3 29. Nxf3 Ne4 30. Rg2 g4 31. Rxg4 Qxe3+ 32. Kg2 Nf6 33. a4 Rb3 34. Rg3
Nh5 35. Re1 Nf4+ 36. Kf1 Qc3 37. Qxc3 Rxc3 38. Rb1 Rxh2 39. Rxb7+ Kf6 40. Rxf7+
Kxf7 41. Ne5+ Kf6 42. Rxc3 Ra2 43. Nxc6 Rxa4 44. Kf2 Kf5 45. Kf3 Rc4 46. Rxc4
dxc4 47. Ke3 Nd5+ 48. Kf3 c3 49. Ke2 Ke4 50. Kd1 Kd3 51. Nd8 c2+ 52. Kc1 Nb4
0-1

[Event "II. CLANSKA LIGA ZAHOD 2024"]
[Site "Komenda"]
[Date "2024.11.23"]
[Round "6.3"]
[White "Kaluza, Dominik"]
[Black "Glavac, Klavdij"]
[Result "1-0"]
[WhiteElo "1630"]
[BlackElo "1792"]
[PlyCount "31"]
[EventDate "2024.11.15"]
[WhiteTeam "SK POSTOJNA"]
[BlackTeam "SD VRHNIKA"]

1. e4 e5 2. Nf3 Nc6 3. Bc4 Bc5 4. c3 Nf6 5. d3 h6 6. b4 Bd6 7. h3 a6 8. a4 b6
9. Be3 O-O 10. Nbd2 Bb7 11. g4 Nh7 12. h4 Be7 13. g5 hxg5 14. hxg5 Nxg5 15.
Nxg5 Bxg5 16. Qh5 1-0

[Event "II. CLANSKA LIGA ZAHOD 2024"]
[Site "Komenda"]
[Date "2024.11.23"]
[Round "6.4"]
[White "Bratovic, Blaz"]
[Black "Rozman, Mitja"]
[Result "1-0"]
[WhiteElo "2320"]
[BlackElo "1995"]
[PlyCount "85"]
[EventDate "2024.11.15"]
[WhiteTeam "SD GORENJKA LESCE"]
[BlackTeam "DRUSTVO TOMO ZUPAN"]

1. Nf3 Nf6 2. c4 g6 3. d4 Bg7 4. Nc3 O-O 5. e4 d6 6. Be2 e5 7. O-O Qe7 8. Bg5
c6 9. d5 h6 10. Bh4 Na6 11. Nd2 Nc7 12. b4 a5 13. a3 cxd5 14. cxd5 g5 15. Bg3
Nxe4 16. Ndxe4 f5 17. Nd2 f4 18. Nde4 fxg3 19. hxg3 Rf7 20. Rc1 axb4 21. axb4
Bf8 22. Bg4 Bf5 23. Bxf5 Rxf5 24. Ra1 Rxa1 25. Qxa1 g4 26. Qa7 Ne8 27. Qb8 h5
28. Qc8 Rf7 29. Ra1 Ng7 30. Ra8 Nf5 31. Qe6 Kg7 32. b5 Nd4 33. Qxe7 Rxe7 34. b6
Rd7 35. Rc8 Rf7 36. Ng5 Re7 37. Nce4 h4 38. gxh4 Ne2+ 39. Kf1 Nf4 40. Nxd6 Rd7
41. Rc7 Rxc7 42. bxc7 Bxd6 43. c8=Q 1-0

[Event "II. CLANSKA LIGA ZAHOD 2024"]
[Site "Komenda"]
[Date "2024.11.23"]
[Round "6.4"]
[White "Demsar, Maks"]
[Black "Mencinger, Vojko"]
[Result "0-1"]
[WhiteElo "1958"]
[BlackElo "2276"]
[PlyCount "54"]
[EventDate "2024.11.15"]
[WhiteTeam "DRUSTVO TOMO ZUPAN"]
[BlackTeam "SD GORENJKA LESCE"]

1. e4 c5 2. Nf3 Nc6 3. d4 cxd4 4. Nxd4 e5 5. Nb5 d6 6. N1c3 a6 7. Na3 f5 8.
exf5 Bxf5 9. Nc4 Be6 10. Be3 d5 11. Bb6 Qd7 12. Nd2 Nf6 13. g3 Bb4 14. Na4 Bg4
15. f3 Bxd2+ 16. Kxd2 Bh5 17. Be2 d4 18. Nc5 Qe7 19. Re1 Nd5 20. Na4 Nxb6 21.
Nxb6 Qb4+ 22. Kc1 Qxb6 23. f4 Bxe2 24. Qxe2 O-O-O 25. fxe5 d3 26. cxd3 Rhe8 27.
b3 Qd4 0-1

[Event "II. CLANSKA LIGA ZAHOD 2024"]
[Site "Komenda"]
[Date "2024.11.23"]
[Round "6.4"]
[White "Pavlin, Damijan"]
[Black "Mlacnik, Franc"]
[Result "0-1"]
[WhiteElo "1961"]
[BlackElo "1963"]
[PlyCount "67"]
[EventDate "2024.11.15"]
[WhiteTeam "SD GORENJKA LESCE"]
[BlackTeam "DRUSTVO TOMO ZUPAN"]

1. d4 d5 2. Nf3 e6 3. e3 f5 4. Bd3 Nf6 5. O-O Bd6 6. b3 Qe7 7. Bb2 O-O 8. c4 c6
9. Nbd2 b6 10. Qc2 Ne4 11. Ne5 Nxd2 12. Qxd2 Bb7 13. cxd5 exd5 14. Rac1 Bxe5
15. dxe5 Nd7 16. f4 Rf7 17. Rfd1 Nf8 18. Qc2 g6 19. Be2 Ne6 20. Bf3 Rd8 21. Rd2
g5 22. g3 gxf4 23. gxf4 c5 24. Rg2+ Kf8 25. Rd1 d4 26. Bxb7 Qxb7 27. exd4 cxd4
28. Qf2 Rg7 29. Rxg7 Qxg7+ 30. Kf1 Qg4 31. Rd2 Nxf4 32. Bxd4 Qh3+ 33. Kg1 Ne6
34. Be3 {nejasno (35)} 0-1

[Event "II. CLANSKA LIGA ZAHOD 2024"]
[Site "Komenda"]
[Date "2024.11.23"]
[Round "6.4"]
[White "Bobnar, Samo"]
[Black "Kelbl, Jakob"]
[Result "0-1"]
[WhiteElo "1939"]
[BlackElo "1919"]
[PlyCount "102"]
[EventDate "2024.11.15"]
[WhiteTeam "DRUSTVO TOMO ZUPAN"]
[BlackTeam "SD GORENJKA LESCE"]

1. e4 c5 2. Nc3 Nc6 3. f4 g6 4. Nf3 Bg7 5. d3 e6 6. g3 Nge7 7. Bg2 d6 8. O-O
O-O 9. Be3 b6 10. d4 d5 11. exd5 Nf5 12. Bf2 Ncxd4 13. Nxd4 cxd4 14. Ne2 Ba6
15. Re1 Bxe2 16. Qxe2 exd5 17. Rad1 Qd7 18. g4 Rae8 19. Qf3 Rxe1+ 20. Rxe1 Ne3
21. Bxe3 dxe3 22. Qxe3 Qxg4 23. b3 Bh6 24. Rf1 Rc8 25. Qd3 Bxf4 26. h3 Qg5 27.
c4 dxc4 28. bxc4 Rd8 29. Qe4 Rd2 30. a4 Qg3 31. Rxf4 Rxg2+ 32. Qxg2 Qxf4 33.
Qa8+ Kg7 34. Qxa7 Qg3+ 35. Kh1 Qxh3+ 36. Kg1 Qg4+ 37. Kh1 Qxc4 38. Qxb6 Qxa4
39. Qb2+ f6 40. Qb7+ Kh6 41. Qe7 Qh4+ 42. Kg2 Qg5+ 43. Kh1 f5 44. Qf8+ Kh5 45.
Qa3 h6 46. Qc3 f4 47. Qf3+ Qg4 48. Qd5+ g5 49. Qf7+ Kh4 50. Qe7 Qh3+ 51. Kg1
Qe3+ 0-1

[Event "II. CLANSKA LIGA ZAHOD 2024"]
[Site "Komenda"]
[Date "2024.11.23"]
[Round "6.4"]
[White "Lanjscek, Miha"]
[Black "Smirnov, Maksim"]
[Result "0-1"]
[WhiteElo "1857"]
[BlackElo "1839"]
[PlyCount "80"]
[EventDate "2024.11.15"]
[WhiteTeam "SD GORENJKA LESCE"]
[BlackTeam "DRUSTVO TOMO ZUPAN"]

1. d4 c6 2. c4 d5 3. cxd5 cxd5 4. Bg5 Nc6 5. Nc3 Nf6 6. Bxf6 exf6 7. e3 Be7 8.
Bd3 O-O 9. Nge2 Be6 10. Rc1 Bd6 11. Ng3 Qd7 12. Qh5 g6 13. Qh6 f5 14. O-O Rfe8
15. Nge2 f6 16. f4 Bf7 17. Rf3 Rac8 18. Qh4 a6 19. Ng3 Bf8 20. Nf1 b5 21. Rh3
Be6 22. Qf2 Na5 23. Re1 Nc4 24. Nd1 Nd6 25. Nd2 Ne4 26. Qe2 Bb4 27. Bxe4 fxe4
28. Rg3 Rc2 29. Nc3 Rxb2 30. Ncb1 Rc8 31. h4 Rcc2 32. Rd1 Rxa2 33. h5 Kf7 34.
hxg6+ hxg6 35. Qf2 Bg4 36. Rf1 Bxd2 37. Nxd2 Rxd2 38. Qe1 b4 39. Qb1 a5 40. Rc1
Rdb2 0-1

[Event "II. CLANSKA LIGA ZAHOD 2024"]
[Site "Komenda"]
[Date "2024.11.23"]
[Round "6.4"]
[White "Bobnar, Vid"]
[Black "Kocjancic, Luka"]
[Result "1-0"]
[WhiteElo "1720"]
[BlackElo "1638"]
[PlyCount "49"]
[EventDate "2024.11.15"]
[WhiteTeam "DRUSTVO TOMO ZUPAN"]
[BlackTeam "SD GORENJKA LESCE"]

1. e4 c5 2. Nc3 Nc6 3. f4 e6 4. Nf3 a6 5. a4 Be7 6. d3 Nf6 7. Be2 d6 8. O-O O-O
9. Qe1 Nd7 10. Rb1 f5 11. b3 e5 12. exf5 Rxf5 13. fxe5 Ndxe5 14. Nxe5 Rxe5 15.
Bf4 Re6 16. Qd2 Bf6 17. Ne4 Be5 18. Rbe1 Bxf4 19. Qxf4 Ne5 20. d4 Ng6 21. Qf7+
Kh8 22. Bd3 cxd4 23. Ng5 Rxe1 24. Rxe1 Ne5 25. Qh5 1-0

[Event "II. CLANSKA LIGA ZAHOD 2024"]
[Site "Komenda"]
[Date "2024.11.23"]
[Round "6.5"]
[White "Sirnik, Bostjan"]
[Black "Zirkelbach, Maj"]
[Result "0-1"]
[WhiteElo "2184"]
[BlackElo "2261"]
[PlyCount "86"]
[EventDate "2024.11.15"]
[WhiteTeam "SK RIMEX ILIRSKA BISTRICA"]
[BlackTeam "SD KRKA NOVO MESTO"]

1. d4 Nf6 2. Bf4 e6 3. e3 d5 4. Nd2 c5 5. c3 Nc6 6. Bd3 Bd7 7. h3 Qb6 8. Rb1
Be7 9. Ngf3 O-O 10. O-O a5 11. Qe2 a4 12. a3 Nh5 13. Bh2 c4 14. Bc2 f5 15. g4
Nf6 16. Ne5 Nxe5 17. Bxe5 Ne4 18. f3 Ng5 19. Qh2 Rac8 20. Kh1 Nf7 21. Bf4 Bf6
22. Rg1 g6 23. gxf5 exf5 24. h4 Kh8 25. Rg2 Rfe8 26. Nf1 Re6 27. Ng3 Qd8 28.
Rbg1 Rb6 29. Bb1 Bxh4 30. Nxf5 gxf5 31. Rg7 Qf6 32. Rxf7 Qxf7 33. Qxh4 Rg6 34.
Rg5 Rcc6 35. Rh5 Kg8 36. Be5 Rb6 37. Qd8+ Qe8 38. Qh4 h6 39. Bxf5 Bxf5 40. Rxf5
Rxb2 41. Rf4 Rg5 42. Rg4 Qg6 43. e4 Kf7 0-1

[Event "II. CLANSKA LIGA ZAHOD 2024"]
[Site "Komenda"]
[Date "2024.11.23"]
[Round "6.5"]
[White "Kastelic, Marjan"]
[Black "Sajn, Simon"]
[Result "0-1"]
[WhiteElo "2258"]
[BlackElo "2102"]
[PlyCount "76"]
[EventDate "2024.11.15"]
[WhiteTeam "SD KRKA NOVO MESTO"]
[BlackTeam "SK RIMEX ILIRSKA BISTRICA"]

1. d4 f5 2. Nc3 d5 3. f3 Nf6 4. Bg5 e6 5. e4 Be7 6. Bxf6 Bxf6 7. e5 Bg5 8. g3
c5 9. f4 Be7 10. Nf3 O-O 11. Qd2 Nc6 12. Ne2 b5 13. dxc5 Bxc5 14. Ned4 Nxd4 15.
Nxd4 a6 16. b4 Bb6 17. a4 bxa4 18. Rxa4 Qc7 19. c3 Bd7 20. Rxa6 Rxa6 21. Bxa6
Ra8 22. Be2 Ra3 23. O-O Qxc3 24. Qxc3 Rxc3 25. Rd1 Rb3 26. Kf1 Rxb4 27. Nf3 h6
28. Ra1 Kf7 29. Ra2 Bc6 30. Bd3 d4 31. Nd2 Bd5 32. Rc2 Ra4 33. Bc4 Ra1+ 34. Ke2
Bg2 35. Rb2 Ba5 36. Nf3 Bf1+ 37. Kf2 Bxc4 38. Nxd4 Ra2 0-1

[Event "II. CLANSKA LIGA ZAHOD 2024"]
[Site "Komenda"]
[Date "2024.11.23"]
[Round "6.5"]
[White "Cibej, Marjan"]
[Black "Zupancic, Urban"]
[Result "1-0"]
[WhiteElo "2065"]
[BlackElo "2071"]
[PlyCount "127"]
[EventDate "2024.11.15"]
[WhiteTeam "SK RIMEX ILIRSKA BISTRICA"]
[BlackTeam "SD KRKA NOVO MESTO"]

1. e4 c5 2. b4 cxb4 3. Bb2 d6 4. d4 Nf6 5. Bd3 g6 6. a3 bxa3 7. Rxa3 Bg7 8. Nd2
O-O 9. Ne2 Re8 10. Qa1 a6 11. O-O Nc6 12. c4 e5 13. d5 Nb4 14. Bb1 a5 15. Bc3
Bd7 16. Qb2 Bh6 17. Bxb4 axb4 18. Rb3 Ra3 19. Rxb4 Qa5 20. Nf3 Bg4 21. Rb5 Qa8
22. Ne1 Rc8 23. f3 Bd7 24. Rxb7 Be8 25. Rb4 Qa5 26. Nd3 Ra4 27. Rxa4 Bxa4 28.
Ba2 Ra8 29. Rb1 Nd7 30. Kf1 Be3 31. g3 Ba7 32. Qb4 Bc5 33. Nxc5 Nxc5 34. Nc3
Bc2 35. Qxa5 Rxa5 36. Rb8+ Kg7 37. Bb1 Bb3 38. Rb4 Ra1 39. Ke2 h5 40. Kd2 Ra6
41. Kc1 f5 42. exf5 gxf5 43. Kb2 Kf6 44. Rxb3 Nxb3 45. Kxb3 Kg5 46. Nb5 h4 47.
gxh4+ Kf4 48. h5 e4 49. fxe4 fxe4 50. h6 Ra8 51. Nxd6 Rb8+ 52. Nb5 e3 53. Bd3
Rh8 54. d6 Ke5 55. d7 Ke6 56. h7 Kxd7 57. Nd4 Kd6 58. Kc3 Ke5 59. h4 Ra8 60. h5
Ra3+ 61. Kc2 Ra8 62. Nf3+ Kf4 63. Nh4 Kg5 64. Ng6 1-0